Biele ovce bojujú za veľké Švajčiarsko najpopulárnejšia švajčiarska strana známa xenofóbiou a rasizmom chce obrať o územie štyri krajiny

Bibliographic Details
Main Author: Rybárová, Ela (Author)
Format: Article
Language:Slovak
PhysicalDescription:Obr.
ISSN:1335-440X
Subjects:
Online Access:http://www.sme.sk/c/5474412/biele-ovce-bojuju-za-velke-svajciarsko.html

MARC

LEADER 00000nab a2200000 ar4500
001 vtls010125680
003 SK-MaSNL
005 20260304052308.0
008 100824c20100722xo ||||||||||||00 b|slo
015 |a SNBRB2010/08  |2 snkbucl 
038 |a SNKBUCL 
040 |a SNKBUCL  |b slo  |c SNKBUCL  |e AACR2 
041 0 |a slo 
044 |a xo  |c SK 
080 |a 329.17  |x (494)  |b SVP  |2 2001 
080 |a 341.221  |x (494)  |2 2001 
100 1 |a Rybárová, Ela  |4 aut  |9 406966 
245 1 0 |a Biele ovce bojujú za veľké Švajčiarsko  |b najpopulárnejšia švajčiarska strana známa xenofóbiou a rasizmom chce obrať o územie štyri krajiny  |c Ela Rybárová 
300 |b Obr. 
610 2 7 |a Švajčiarska ľudová strana  |x snahy o rozšírenie územia Švajčiarska  |2 snkbucl  |9 1335351 
650 0 7 |a štátne hranice  |2 snkbucl  |9 2228 
651 7 |a Švajčiarsko  |2 snkbucl  |9 20143 
773 0 |t Sme  |g Roč. 18, č. 167 (22.7.2010), s. 11  |x 1335-440X 
852 |a SNK  |b KIS3GCP 
856 4 1 |u http://www.sme.sk/c/5474412/biele-ovce-bojuju-za-velke-svajciarsko.html 
958 |a CH 
999 |c 2707613  |d 2709543